| 000 | 00946cab a2200241 4500 | ||
|---|---|---|---|
| 001 | X95880 | ||
| 008 | 090401t1999 xxu||||| |||| 00| 0 eng d | ||
| 035 | _a(Sirsi) u90509 | ||
| 041 | _aeng | ||
| 245 | _aPeel Investments Ltd v Bury MBC | ||
| 260 | _c1999 | ||
| 350 | _a0 | ||
| 490 |
_aJournal of Planning and Environment Law _v[1999] JPL 74-85(12) |
||
| 520 | _aQBD 21 April 1998. Green belt - allocation of land UDP - Council rejected recommendations of Inspector - long litigious history of site - site allocated Green Belt status in adopted plans - whether council acted fairly and with an open mind - whether reasons given adequate - application to quash dismissed. Headnote from journal. | ||
| 650 | _aCONFLICT | ||
| 650 | _aGREEN BELT | ||
| 650 | _aPEEL INVESTMENTS LTD V BURY MBC | ||
| 650 | _aRESIDENTIAL DEVELOPMENT | ||
| 650 | _aUNITARY DEVELOPMENT PLAN | ||
| 690 | _aLAND-CASE LAW | ||
| 942 | _n0 | ||
| 948 | _c05/01/1999 | ||
| 999 |
_c57390 _d57390 |
||